00484nam a22001697a 45000050016000000100017000160200025000330350017000580370024000750820006000991000017001052450041001222600031001632700065001943000032002594900023002912012011809409.0 aB-482569-588 a9788128622274c75.00 aB-482569-588 adplbBlue Berry/Ven aS aBlyton, Enid aNoddy poor bumpy dogcby Enid Blyton aMumbai:bEuro Books,c2009 a158, Vidyanagari Marg, Kalina, Santacruz (E)bMumbaie400098 a26 p.bill(col)c26cm (Pbk) aLarge print reader